Streets Won't Forget 5 (random footballers) - Statistics

General Stats
  • This quiz has been taken 26 times
  • The average score is 9 of 16
Answer Stats
Picture Answer % Correct
Douglas Costa
91%
Andre Schurrle
86%
Samir Handanovic
86%
Blaise Matuidi
73%
Sokratis Papastathopoulos
64%
Miranda
59%
Sebastian Giovinco
59%
Alvaro Negredo
55%
Ibrahim Afellay
50%
Jackson Martinez
50%
Mathieu Valbuena
45%
Riccardo Montolivo
45%
Rodrigo Palacio
45%
Bruno Alves
36%
Tom Cleverley
36%
Jozy Altidore
23%
No matching quizzes found
Score Distribution
Percent of People with Each Score
Percentile by Number Answered
Your Score History
You have not taken this quiz